00886cam a2200205 a 450000100100000000500170001000800410002704000250006808200140009310000330010724501380014026000830027830000280036150400440038965100390043365000470047265000260051995201180054599900170066300001431820200929163554.0730308s1963 cl a b 000 0 spa  aDO-SdBNPbspadBNPHU axxbC287s1 aCarmagnani, Marcello.93229113aEl salariado minero en Chile colonial :bsu desarrollo en una sociedad provincial: el Norte Chico, 1690-1800. /cMarcello Carmagnani. aSantiago de Chile :bUniversidad de Chile, Centro de Historia Colonial,c1963. a114 p. :bil. ;c23 cm. aIncluye bibliografía (p. [110] -114). 0aChilexEconomic Conditions.932292 0aCost and standard of livingzChile.932293 0aMinerszChile.932294 001052708MOaGRbGRcCTd2009-12-09iLF1l0oxx C287sp14318-10r2020-06-25w2020-06-25y2ZPréstamo interno c13913d13913